Statistiques concernant La collection Out Of Position de FIFA 23

Cliquez ici pour prendre le quiz!

Statistiques générales

  • Ce quiz a été pris 105 fois
  • Le résultat moyen est 7 sur 11

Statistiques - réponses

Poste + ClubJoueurNote% Correct
Buteur - LiverpoolMohammed Salah92
93%
Ailier Gauche - AC MilanThéo Hernandez88
67%
Buteur - Olympique de MarseilleIsaak Touré83
64%
Défenseur Central - RC LensSeko Fofana86
64%
Ailier Droit - ChelseaReece James88
62%
Milieu Offensif Central - TottenhamIvan Perisic86
54%
Milieu Gauche - Manchester UnitedFred87
53%
Milieu Central - LiverpoolJoao Cancelo90
51%
Milieu Droit - Bayern MunichNoussair Mazraoui84
51%
Défenseur Central - Inter MilanDenzel Dumfries85
49%
Milieu Central - FC SévilleSuso84
43%

Distribution des résultats

Percentile par nombre de réponses

% des personnes avec chaque résultat

Votre développement - résultats

Vous n’avez pas pris ce quiz